Tutte le squadre vincitrici della UCL #1 - Statistics

Statistiche generali
  • Questo quiz è stato fatto 75 volte
  • Il punteggio medio è 16 su 19
Statistiche sulle risposte
Anno Seconda class. Punteggio Vincitrice % Corretto
1955/56 Stade Raims 3-4 Real Madrid
99%
1956/57 Fiorentina 0-2 Real Madrid
99%
1957/58 Milan 2-3 (dts) Real Madrid
99%
1958/59 Stade Reims 0-2 Real Madrid
99%
1959/60 Eintracht Francoforte 3-7 Real Madrid
99%
1963/64 Real Madrid 1-3 Inter
97%
1965/66 Benfica 0-1 Inter
97%
1962/63 Benfica 1-2 Milan
96%
1966/67 Partizan 1-2 Real Madrid
91%
1970/71 Celtic 1-2 (dts) Ajax
84%
1971/72 Panathinaikos 0-2 Ajax
84%
1972/73 Inter 0-2 Ajax
84%
1960/61 Barcellona 2-3 Benfica
76%
1961/62 Real Madrid 3-5 Benfica
76%
1967/68 Inter 1-2 Celtic
76%
1973/74 Juventus 0-1 Bayern Monaco
64%
1974/75 Atletico Madrid 0-4 (rep) Bayern Monaco
64%
1968/69 Benfica 1-4 (dts) Man. United
64%
1969/70 Ajax 1-4 Feyenoord
49%
Nessun quiz corrispondente trovato
Distribuzione punteggi
Percentuale di utenti per punteggio
Percentile per numero di risposta
I tuoi punteggi nel tempo
Non hai fatto questo quiz